Fundamentals of Television & radar engineering (Record no. 4715)

MARC details
000 -LEADER
fixed length control field 00417nam a22001697a 4500
005 - DATE AND TIME OF LATEST TRANSACTION
control field 20160629144719.0
008 - FIXED-LENGTH DATA ELEMENTS--GENERAL INFORMATION
fixed length control field 160629b xxu||||| |||| 00| 0 eng d
020 ## - INTERNATIONAL STANDARD BOOK NUMBER
ISBN 978-93-80027-54-8
041 ## - LANGUAGE CODE
Language code of text/sound track or separate title eng
082 ## - DEWEY DECIMAL CLASSIFICATION NUMBER
Item number 12463
100 ## - MAIN ENTRY--AUTHOR NAME
Personal name Sharma, K K
245 ## - TITLE STATEMENT
Title Fundamentals of Television & radar engineering
260 ## - PUBLICATION, DISTRIBUTION, ETC. (IMPRINT)
Name of publisher Katson
Year of publication 2011
300 ## - PHYSICAL DESCRIPTION
Number of Pages 575
650 ## - SUBJECT ADDED ENTRY--TOPICAL TERM
Topical Term Diploma Engineering
942 ## - ADDED ENTRY ELEMENTS (KOHA)
Koha item type Books
Holdings
Lost status Damaged status Home library Current library Shelving location Date acquired Cost, normal purchase price Full call number Accession Number Koha item type
    JRU Library   SHELF-41-B 29/06/2016 310.00 12463 12463 Books
    JRU Library   SHELF-41-A 29/06/2016 310.00 12463 12464 Books
    JRU Library   SHELF-41-B 29/06/2016 310.00 12463 12465 Books
    JRU Library   SHELF-41-D 29/06/2016 310.00 12463 12466 Books
    JRU Library   SHELF-41-B 29/06/2016 310.00 12463 12467 Books
    JRU Library   SHELF-41-D 29/06/2016 310.00 12463 12468 Books